Fourth year assessment papers in reasoning / (Record no. 9860)
[ view plain ]
| 000 -LEADER | |
|---|---|
| fixed length control field | 00599nam a22002173a 4500 |
| 001 - CONTROL NUMBER | |
| JCCL Control Number | 9860 |
| 003 - CONTROL NUMBER IDENTIFIER | |
| JCCL marc code | BD-JhCC |
| 005 - DATE AND TIME OF LATEST TRANSACTION | |
| control field | 20180404193706.0 |
| 008 - FIXED-LENGTH DATA ELEMENTS--GENERAL INFORMATION | |
| fixed length control field | 180402s1966 xx 000 0 und d |
| 035 ## - SYSTEM CONTROL NUMBER | |
| system control number | OCLC pks02600366 from D950313K |
| -- | (BD-JhCC)9860 |
| 040 ## - CATALOGING SOURCE | |
| Original cataloging agency | EQO |
| Transcribing agency | EQO |
| Modifying agency | BD-JhCC |
| 041 ## - LANGUAGE CODE | |
| Language code of Book | eng |
| 082 ## - DEWEY DECIMAL CLASSIFICATION NUMBER | |
| Author mark and Year | BON 1966 |
| Classification number | 155.413 |
| 100 1# - MAIN ENTRY--PERSONAL NAME | |
| Personal name | Bond, J. M. |
| 245 10 - TITLE STATEMENT | |
| Title | Fourth year assessment papers in reasoning / |
| Statement of responsibility, etc | J. M Bond, |
| 260 ## - PUBLICATION, DISTRIBUTION, ETC. (IMPRINT) | |
| Place of publication, distribution, etc | London : |
| Date of publication, distribution, etc | 1966 |
| Name of publisher, distributor, etc | Nelson, |
| 300 ## - PHYSICAL DESCRIPTION | |
| Pagination | 63 p. : |
| Other physical details | ills; |
| Dimensions | 21 cm. |
| 650 ## - SUBJECT ADDED ENTRY--TOPICAL TERM | |
| Topical term or geographic name as entry element | Psychological tests for children |
| 942 ## - ADDED ENTRY ELEMENTS (KOHA) | |
| Source of classification or shelving scheme | Dewey Decimal Classification |
| Koha item type | Books |
| Source of classification or shelving scheme | Damaged status | Not for loan | Home library | Current library | Shelving location | Date of accession | Total Checkouts | Full call number | Barcode | Date last seen | Copy number | Koha item type |
|---|---|---|---|---|---|---|---|---|---|---|---|---|
| Dewey Decimal Classification | JCC Rouf Library | JCC Rouf Library | General Stacks | 04/02/2018 | 155.413 BON 1966 | 13015 | 04/02/2018 | C-1 | Books |